The world who's who of women
Αποθηκεύτηκε σε:
| Μορφή: | Βιβλίο |
|---|---|
| Γλώσσα: | English |
| Δημοσίευση: |
Cambridge :
International Bibliographical Centre,
c1997
|
| Έκδοση: | 14th ed. |
| Θέματα: | |
| Ετικέτες: |
Προσθήκη ετικέτας
Δεν υπάρχουν, Καταχωρήστε ετικέτα πρώτοι!
|
MARC
| LEADER | 00000nam a2200000 i 4500 | ||
|---|---|---|---|
| 001 | 1/89407 | ||
| 008 | 990913s1997 eng d | ||
| 020 | |a 0948875526 | ||
| 035 | |l 10052783 | ||
| 040 | |a GR-MY-UA |b gre |e aacr | ||
| 041 | 0 | |a eng | |
| 082 | 0 | |a 920.72 | |
| 245 | 1 | 4 | |a The world who's who of women |
| 250 | |a 14th ed. | ||
| 260 | |a Cambridge : |b International Bibliographical Centre, |c c1997 | ||
| 300 | |a 689 σ.; |c 24 εκ. | ||
| 650 | 0 | 0 | |a Women |x Biography. |
| 852 | |a INST |b LESVOS |e 19990913 |h 920.72 WOR |p 005100019425 |q 005100019425 |t REF |y 23 | ||
| 901 | |a BIBL1-1999-3 | ||
| 909 | |a Λ |b 064194 | ||
| 922 | |a 1ΕΛΗ |b 199902 |c ΚΠΣ/ΚΥΒ |d LEADER | ||
| 950 | |a 023-1998-09-14 | ||
| 970 | |a ΤΖΑΦΕΡΗ |b ΕΥΑΓΓΕΛΙΑ |z 1999/09/27 | ||